00658nam a2200169Ia 4500001001000000003000500010008004100015010001100056040000900067100003200076245013900108260003400247300001100281502010200292650004500394710004900439Para_5762CHAP220125s1976 xx 000 0 und d a204257 cCHAP aDomínguez Rivero, Román aClave ilustrada para la identificación y diagnosis de larvas para coleóptera a nivel de familia /c por Román Domínguez Rivero aChapingo, Méx. :b el autor a217 h. aTesis (Ing. Agr. Esp. en Parasitología Agrícola) ENA. Departamento Parasitología Agrícola aColeopteros x catálogos y colecciones aENA. Departamento Parasitología Agrícola